Miesiące po hiszpańsku - Statystyki

Ogólne statystyki
  • Ten quiz został rozwiązany 1 228 razy
  • Średni wynik to 10 z 12
Statystyki odpowiedzi
Mes % Poprawnych
Mayo
93%
Abril
91%
Julio
91%
Marzo
90%
Enero
89%
Febrero
89%
Junio
89%
Agosto
81%
Octubre
80%
Septiembre
78%
Diciembre
68%
Noviembre
51%
Nie znaleziono quizów pasujących do podanych kryteriów
Rozkład punktacji
Procent ludzi z każdym wynikiem
Percentyl według liczby udzielonych odpowiedzi
Twoja historia wyników
Nie rozwiązałeś tego quizu